Bộ luật lao động mới chính sách - chế độ tiền lương và bảo hiểm xã hội
Tài liệu tập một số văn bản mới ban hành về chính sách tiền lương mới, chế độ bảo hiểm xã hội. Sách được chia làm 3 phần chính sách chế độ tiền lương, bảo hiểm xã hội và y tế và kiểm tra thanh tra lao động và bảo hiểm...
Guardat en:
| Format: | Llibre |
|---|---|
| Idioma: | Undetermined |
| Publicat: |
Hà Nội
Lao động xã hội
2007
|
| Matèries: | |
| Etiquetes: |
Afegir etiqueta
Sense etiquetes, Sigues el primer a etiquetar aquest registre!
|
| Thư viện lưu trữ: | Trung tâm Học liệu Trường Đại học Cần Thơ |
|---|
| LEADER | 01037nam a2200205Ia 4500 | ||
|---|---|---|---|
| 001 | CTU_126575 | ||
| 008 | 210402s9999 xx 000 0 und d | ||
| 020 | |c 290000 | ||
| 082 | |a 354.98 | ||
| 082 | |b B450 | ||
| 245 | 0 | |a Bộ luật lao động mới chính sách - chế độ tiền lương và bảo hiểm xã hội | |
| 245 | 0 | |c Phạm Văn Mỹ (Sưu tầm, biên soạn) | |
| 260 | |a Hà Nội | ||
| 260 | |b Lao động xã hội | ||
| 260 | |c 2007 | ||
| 520 | |a Tài liệu tập một số văn bản mới ban hành về chính sách tiền lương mới, chế độ bảo hiểm xã hội. Sách được chia làm 3 phần chính sách chế độ tiền lương, bảo hiểm xã hội và y tế và kiểm tra thanh tra lao động và bảo hiểm | ||
| 650 | |a Compensation management,Wages | ||
| 650 | |x Law and legistration | ||
| 904 | |i Huỳnh Mai | ||
| 980 | |a Trung tâm Học liệu Trường Đại học Cần Thơ | ||